00379nam a2200145Ia 4500008004100000020001500041041001200056082001100068100001500079245006000094260004000154300000900194650001500203700001500218221030s9999 xx 000 0 und d a8131719251 aEnglish a105.23 aG. Johnson 0aExploring Corporate Strategycby G. Johnson, K. Scholes bPearson EducationaNew Delhic2008 a1033 aManagement aK. Scholes